MARC details
| 000 -CABECERA |
| campo de control de longitud fija |
02300nam a2200265 a 4500 |
| 001 - NÚMERO DE CONTROL |
| campo de control |
000002326 |
| 005 - FECHA Y HORA DE LA ÚLTIMA TRANSACCIÓN |
| campo de control |
20260506114910.0 |
| 008 - DATOS DE LONGITUD FIJA--INFORMACIÓN GENERAL |
| campo de control de longitud fija |
090701s1991 sp 001 0 spa d |
| 020 ## - NÚMERO INTERNACIONAL ESTÁNDAR DEL LIBRO |
| Número Internacional Estándar del Libro |
8486168562 |
| 040 ## - FUENTE DE LA CATALOGACIÓN |
| Centro catalogador/agencia de origen |
DO-SdBNP |
| Lengua de catalogación |
spa |
| Centro/agencia transcriptor |
BNPHU |
| 082 ## - NÚMERO DE LA CLASIFICACIÓN DECIMAL DEWEY |
| Número de clasificación |
372.47 |
| Número de documento/Ítem |
C737l |
| 245 00 - MENCIÓN DE TÍTULO |
| Título |
Comprensión de la lectura y acción docente / |
| Mención de responsabilidad, etc. |
dirección de Aníbal Puente. |
| 260 ## - PUBLICACIÓN, DISTRIBUCIÓN, ETC. |
| Lugar de publicación, distribución, etc. |
Madrid : |
| Nombre del editor, distribuidor, etc. |
Fundación Germán Sánchez Ruipérez |
| -- |
Pirámide, |
| Fecha de publicación, distribución, etc. |
1991. |
| 300 ## - DESCRIPCIÓN FÍSICA |
| Extensión |
396 p. : |
| Otras características físicas |
diagr. ; |
| Dimensiones |
22 cm. |
| 490 1# - MENCIÓN DE SERIE |
| Mención de serie |
Biblioteca del libro |
| 500 ## - NOTA GENERAL |
| Nota general |
Incluye índice |
| 500 ## - NOTA GENERAL |
| Nota general |
Incluye notas a pie de páginas |
| 504 ## - NOTA DE BIBLIOGRAFÍA, ETC. |
| Nota de bibliografía, etc. |
Incluye referencias bibliográfcas al final de cada capítulo. |
| 505 2# - NOTA DE CONTENIDO CON FORMATO |
| Nota de contenido con formato |
Relación de colaboradores -- Presentación -- Introducción -- Procesos básicos de la compresión de la lectura -- La compresión de la lectura / William S. Hall -- Procesos perceptivos y atencionales durante la lectura /Armando Navarro -- Teoría del esquema y compresión de la lectura / Aníbal Puente -- Las inferencias durante el proceso lector / Javier Gonzalez Márques -- Modelos del proceso de lectura: descripción, evaluación e implantaciones pedagógicas / María M. Antonini. Juan A. Pino -- Texto y contexto -- La estructura del texto / Manuela Amat de Betancourt -- Del sonido a la grafía: texto oral y texto escrito / Luis Barrera Linares -- Estructura silábica y aprendizaje de la lectura / Lucía Fraca Barrera -- Dominio linguístico y compresión lectora -- Competencia linguistica, competencia lectora / Lourdes Pietrosemoli -- Estrategias cognitivas y metacognitivas -- El desarrolo de las habilidades para comprender la lectura y la acción docente / Armando Morales -- Metacognición y comprensión de la lectura / Pablo Ríos Cabrera -- Evaluación de la comprensión lectora -- Evaluación de la comprensión de la lectura / José Luis Rodríguez Diéguez -- La complejidad de los materiales escritos y la acción docente / Armando Morales -- Investigación en la lectura -- Investigación en la lectura: antecedentes y tendencias actuales / Lisette Poggiolo. |
| 650 #4 - PUNTO DE ACCESO ADICIONAL DE MATERIA--TÉRMINO DE MATERIA |
| Término de materia o nombre geográfico como elemento de entrada |
Compresion de lectura |
| 9 (RLIN) |
7393 |
| 650 #0 - PUNTO DE ACCESO ADICIONAL DE MATERIA--TÉRMINO DE MATERIA |
| Término de materia o nombre geográfico como elemento de entrada |
Psicología cognoscitiva |
| 9 (RLIN) |
7394 |
| 650 #0 - PUNTO DE ACCESO ADICIONAL DE MATERIA--TÉRMINO DE MATERIA |
| Término de materia o nombre geográfico como elemento de entrada |
Enseñanza |
| 9 (RLIN) |
7395 |
| 700 0# - PUNTO DE ACCESO ADICIONAL--NOMBRE DE PERSONA |
| Nombre de persona |
Puente Aníbal, |
| Fechas asociadas al nombre |
1945- |
| Término indicativo de función/relación |
dirección |
| 9 (RLIN) |
7396 |
| 830 #0 - PUNTO DE ACCESO ADICIONAL DE SERIE-TÍTULO UNIFORME |
| Título uniforme |
Biblioteca del libro |
| 9 (RLIN) |
7397 |